[Event "St Petersburg Korchnoi Memorial op"]
[Site "St Petersburg"]
[Date "2023.08.20"]
[Round "4"]
[White "Khakimov, Timur"]
[Black "Lintchevski, Daniil"]
[Result "1/2-1/2"]
[WhiteElo "2173"]
[BlackElo "2552"]
[PlyCount "87"]
[EventDate "2023.08.18"]
[EventType "swiss"]
[EventRounds "9"]
[EventCountry "RUS"]
[SourceTitle "EXT 2024"]
[Source "ChessBase"]
[SourceDate "2023.10.10"]
[SourceVersion "1"]
[SourceVersionDate "2023.10.10"]
[SourceQuality "1"]

1. d4 d5 2. Nc3 Nf6 3. Bf4 c5 4. e3 cxd4 5. exd4 Bg4 6. f3 Bd7 7. Nb5 Bxb5 8. Bxb5+ Nc6 9. c3 e6 10. Be3 Bd6 11. f4 Qc7 12. g3 Ne4 13. Nf3 f5 14. Qe2 0-0 15. 0-0 Na5 16. Ng5 Rf6 17. Nxe4 fxe4 18. b4 a6 19. bxa5 axb5 20. Qxb5 Qxc3 21. Qb3 Bb4 22. Rab1 Qxb3 23. Rxb3 Bxa5 24. Rxb7 Rf7 25. Rb5 g6 26. Rc1 Rfa7 27. Rc6 Ra6 28. Rxa6 Rxa6 29. Rb8+ Kf7 30. Rb7+ Ke8 31. Rxh7 Rb6 32. Ra7 Rb1+ 33. Kg2 Rb2+ 34. Kh3 Bd2 35. Bxd2 Rxd2 36. Ra8+ Ke7 37. Ra7+ Kf6 38. g4 g5 39. f5 exf5 40. Ra6+ Kf7 41. gxf5 Rxd4 42. Kg4 Rd1 43. Kxg5 e3 44. Rf6+ 1/2-1/2

[Event "Issykkul op"]
[Site "Korumdu"]
[Date "2023.07.12"]
[Round "1"]
[White "Khakimov, Timur"]
[Black "Isajevsky, Anton"]
[Result "0-1"]
[WhiteElo "2205"]
[BlackElo "2403"]
[PlyCount "56"]
[EventDate "2023.07.12"]
[EventType "swiss"]
[EventRounds "10"]
[EventCountry "KGZ"]
[SourceTitle "CBM 215 Extra"]
[Source "ChessBase"]
[SourceDate "2023.09.30"]
[SourceVersion "1"]
[SourceVersionDate "2023.09.30"]
[SourceQuality "1"]

1. e4 c5 2. Nf3 Nc6 3. Bb5 e6 4. 0-0 Nge7 5. c3 d5 6. exd5 Nxd5 7. Ne5 Bd7 8. Bxc6 Bxc6 9. d4 cxd4 10. Qxd4 Qc7 11. Rd1 Bd6 12. Nxc6 bxc6 13. Qh4 0-0 14. c4 Ne7 15. Nc3 Rad8 16. Bg5 f6 17. Be3 Nf5 18. Qh3 Rfe8 19. Ne4 Be5 20. Nc5 Bxb2 21. Rab1 Ba3 22. Nxe6 Rxd1+ 23. Rxd1 Qe5 24. Bd2 Qxe6 25. Qxa3 Qe2 26. Qb3 Qxd2 27. c5+ Kf8 28. Rxd2 Re1# 0-1

[Event "Chigorin Memorial 29th"]
[Site "St Petersburg"]
[Date "2022.10.29"]
[Round "8"]
[White "Khakimov, Timur"]
[Black "Galchenko, Matvey"]
[Result "1/2-1/2"]
[WhiteElo "2201"]
[BlackElo "2440"]
[PlyCount "117"]
[EventDate "2022.10.22"]
[EventType "swiss"]
[EventRounds "9"]
[EventCountry "RUS"]
[SourceTitle "EXT 2024"]
[Source "ChessBase"]
[SourceDate "2023.10.10"]
[SourceVersion "1"]
[SourceVersionDate "2023.10.10"]
[SourceQuality "1"]

1. d4 d5 2. Bf4 Nf6 3. e3 c5 4. Nc3 Bg4 5. f3 Bd7 6. Nb5 Na6 7. c3 c4 8. a4 Nh5 9. Be5 f6 10. Bg3 Nxg3 11. hxg3 Nc7 12. Nh3 e5 13. dxe5 Nxb5 14. axb5 Qb6 15. Nf4 Qxe3+ 16. Qe2 Qxe2+ 17. Bxe2 Bxb5 18. exf6 gxf6 19. Nxd5 0-0-0 20. Nxf6 Be7 21. Ne4 Kb8 22. Rd1 Rxd1+ 23. Bxd1 Bc6 24. Bc2 h6 25. Ke2 b5 26. g4 Kc7 27. Rh5 a5 28. f4 Be8 29. Re5 Bd8 30. Nc5 Kb6 31. Ne6 Bf6 32. Rd5 Bc6 33. Rf5 Be7 34. g3 Bd7 35. Rf7 Bxe6 36. Rxe7 Bxg4+ 37. Ke3 b4 38. cxb4 axb4 39. f5 Kc5 40. Re5+ Kd6 41. Kd4 c3 42. bxc3 bxc3 43. Re6+ Kd7 44. Ke5 Bh5 45. f6 Ra8 46. Re7+ Kd8 47. Rh7 Ra2 48. Rxh6 Be8 49. Rh2 Bf7 50. Kd4 Ra5 51. Rh8+ Kd7 52. Rh7 Ke8 53. Rh8+ Kd7 54. Rf8 Be6 55. Rb8 Rd5+ 56. Kxc3 Rg5 57. Kd4 Rg4+ 58. Ke5 Rg5+ 59. Kf4 1/2-1/2

[Event "Chigorin Memorial 29th"]
[Site "St Petersburg"]
[Date "2022.10.26"]
[Round "5"]
[White "Lekhtonen, Yaroslav"]
[Black "Khakimov, Timur"]
[Result "0-1"]
[WhiteElo "1992"]
[BlackElo "2201"]
[PlyCount "126"]
[EventDate "2022.10.22"]
[EventType "swiss"]
[EventRounds "9"]
[EventCountry "RUS"]
[SourceTitle "EXT 2024"]
[Source "ChessBase"]
[SourceDate "2023.10.10"]
[SourceVersion "1"]
[SourceVersionDate "2023.10.10"]
[SourceQuality "1"]

1. d4 Nf6 2. c4 e6 3. Nf3 Bb4+ 4. Bd2 c5 5. Bxb4 cxb4 6. g3 0-0 7. Bg2 d6 8. 0-0 Nc6 9. a3 bxa3 10. Nxa3 Qb6 11. b3 Rd8 12. e3 e5 13. d5 Nb4 14. Qb1 Bg4 15. h3 Bxf3 16. Bxf3 Nd7 17. Nb5 Nc5 18. Be4 g6 19. g4 a6 20. Nc3 Rf8 21. Ne2 Qc7 22. Ng3 Qd7 23. Kh2 b6 24. Qd1 f6 25. Rb1 Rae8 26. h4 Qe7 27. Kg2 Qg7 28. Qf3 Re7 29. h5 Ref7 30. hxg6 hxg6 31. Bf5 e4 32. Qe2 gxf5 33. Nxf5 Qg5 34. Rh1 Rh7 35. Rxh7 Kxh7 36. Rh1+ Kg6 37. Rh5 Qxh5 38. Ne7+ Kf7 39. gxh5 Kxe7 40. Qg4 Nbd3 41. h6 Ne5 42. Qg7+ Nf7 43. h7 Nxb3 44. Kg3 Nc5 45. Kf4 Rh8 46. Kf5 Nd7 47. Kxe4 a5 48. Kd4 Nf8 49. Qg4 Rxh7 50. f4 Rh1 51. Qf5 Rd1+ 52. Kc3 Rc1+ 53. Kb3 Re1 54. Qe4+ Kd8 55. Ka4 Nd7 56. Kb5 Kc7 57. Qe7 Nd8 58. Qe4 a4 59. Qc2 a3 60. Kb4 Rxe3 61. Qf2 Rd3 62. Qe2 Nc5 63. Qe7+ Kc8 0-1

[Event "Chigorin Memorial Blitz"]
[Site "St Petersburg"]
[Date "2022.10.21"]
[Round "4"]
[White "Khakimov, Timur"]
[Black "Lazavik, Denis"]
[Result "0-1"]
[WhiteElo "2201"]
[BlackElo "2529"]
[PlyCount "96"]
[EventDate "2022.10.21"]
[EventType "swiss (blitz)"]
[EventRounds "11"]
[EventCountry "RUS"]
[SourceTitle "EXT 2024"]
[Source "ChessBase"]
[SourceDate "2023.10.10"]
[SourceVersion "1"]
[SourceVersionDate "2023.10.10"]
[SourceQuality "1"]

1. d4 Nf6 2. Bg5 d5 3. Bxf6 exf6 4. e3 Bd6 5. c4 dxc4 6. Bxc4 0-0 7. Nc3 Nd7 8. Nf3 f5 9. 0-0 Nf6 10. Ne5 Qe7 11. f4 g6 12. Qf3 Kg7 13. Rfe1 Bb4 14. Rac1 c6 15. a3 Bxc3 16. Rxc3 Ne4 17. Rc2 f6 18. Nd3 Bd7 19. Nf2 Nd6 20. Bd3 Be6 21. e4 fxe4 22. Nxe4 Bd5 23. Qe2 Rae8 24. Nc3 Qf7 25. Qf2 Rxe1+ 26. Qxe1 Re8 27. Re2 Rxe2 28. Qxe2 Be6 29. Ne4 Nxe4 30. Bxe4 Qd7 31. Qe3 Bf7 32. Bf3 Qd6 33. h3 h5 34. b4 h4 35. Kf2 Be6 36. Bg4 Bd5 37. Bf3 Bc4 38. Qc3 Be6 39. Qe3 Kf7 40. Bg4 Bd5 41. Bf3 Bxf3 42. Kxf3 Qd5+ 43. Qe4 Qb3+ 44. Qe3 Qxe3+ 45. Kxe3 Ke6 46. Ke4 f5+ 47. Ke3 Kd5 48. Kd3 b5 0-1

[Event "EU-ch blitz"]
[Site "Tallinn"]
[Date "2019.12.07"]
[Round "16"]
[White "Khakimov, Timur"]
[Black "Schneider, Ilja"]
[Result "0-1"]
[WhiteElo "2287"]
[BlackElo "2483"]
[PlyCount "56"]
[EventDate "2019.12.07"]
[EventType "swiss (blitz)"]
[EventRounds "22"]
[EventCountry "EST"]
[SourceTitle "CBM 193 Extra"]
[Source "ChessBase"]
[SourceDate "2020.01.31"]
[SourceVersion "1"]
[SourceVersionDate "2020.01.31"]
[SourceQuality "1"]

1. d4 d5 2. Nc3 Nc6 3. Bf4 Bf5 4. e3 e6 5. Bb5 Bd6 6. Nge2 Nge7 7. 0-0 0-0 8. Bxd6 Qxd6 9. Ng3 Bg6 10. Qd2 a6 11. Bd3 e5 12. dxe5 Nxe5 13. Bxg6 hxg6 14. Rad1 Rad8 15. Qe2 Qb6 16. b3 Rfe8 17. f4 Ng4 18. Rd3 Nf5 19. Nxf5 gxf5 20. Rf3 d4 21. Na4 Qc6 22. Qd1 Nxe3 23. Rfxe3 dxe3 24. Rxd8 e2 25. Rxe8+ Qxe8 26. Qe1 Qe3+ 27. Kh1 Qxf4 28. Kg1 Qd4+ 0-1

[Event "EU-ch rapid"]
[Site "Tallinn"]
[Date "2019.12.06"]
[Round "10"]
[White "Lobanov, Sergei"]
[Black "Khakimov, Timur"]
[Result "1-0"]
[WhiteElo "2483"]
[BlackElo "2253"]
[PlyCount "123"]
[EventDate "2019.12.05"]
[EventType "swiss"]
[EventRounds "13"]
[EventCountry "EST"]
[SourceTitle "CBM 193 Extra"]
[Source "ChessBase"]
[SourceDate "2020.01.31"]
[SourceVersion "1"]
[SourceVersionDate "2020.01.31"]
[SourceQuality "1"]

1. e4 e5 2. Nf3 Nc6 3. Bb5 f5 4. d3 fxe4 5. dxe4 Nf6 6. 0-0 Bc5 7. Bxc6 bxc6 8. Nxe5 0-0 9. Qd3 Qe7 10. Qb3+ Kh8 11. Nd3 Bb6 12. Nc3 Nxe4 13. Nxe4 Qxe4 14. Be3 Bxe3 15. Rae1 Ba6 16. Rxe3 Qd4 17. c3 Qf6 18. Qc2 Rae8 19. Qd2 Rxe3 20. Qxe3 c5 21. Rd1 d6 22. f3 Bb5 23. Re1 h6 24. Qd2 Qg6 25. Re3 Bc6 26. Qe2 Qg5 27. Nf2 Bd5 28. b3 a5 29. c4 Bc6 30. Ne4 Qe5 31. Nc3 Qd4 32. Kf1 a4 33. Nxa4 d5 34. Rd3 Qh4 35. Qf2 Qxf2+ 36. Kxf2 dxc4 37. Rc3 cxb3 38. axb3 Bxa4 39. bxa4 Ra8 40. Rc4 Ra5 41. Ke3 Kg8 42. Ke4 Kf7 43. Kd5 Ke7 44. Kc6 Kd8 45. Rg4 g5 46. h4 Ra6+ 47. Kxc5 Ra5+ 48. Kc6 gxh4 49. Rxh4 h5 50. Rf4 Ra6+ 51. Kb5 Rb6+ 52. Kc5 Rg6 53. g4 hxg4 54. fxg4 Rg5+ 55. Kc6 Rg6+ 56. Kb5 Kc8 57. Rb4 Kb7 58. Kc5+ Ka6 59. Kd5 Ka5 60. Rc4 c6+ 61. Ke5 c5 62. Kf5 1-0

[Event "Chigorin Memorial 27th"]
[Site "St Petersburg"]
[Date "2019.10.06"]
[Round "2"]
[White "Khismatullin, Denis Rimovich"]
[Black "Khakimov, Timur"]
[Result "1-0"]
[WhiteElo "2611"]
[BlackElo "2278"]
[PlyCount "51"]
[EventDate "2019.10.05"]
[EventType "swiss"]
[EventRounds "9"]
[EventCountry "RUS"]
[SourceTitle "EXT 2020"]
[Source "ChessBase"]
[SourceDate "2019.10.17"]
[SourceVersion "1"]
[SourceVersionDate "2019.10.17"]
[SourceQuality "1"]

1. c4 Nf6 2. Nf3 e6 3. d4 Nc6 4. Nbd2 Bb4 5. a3 Bxd2+ 6. Qxd2 0-0 7. b4 a6 8. Bb2 d5 9. e3 Qe7 10. Rc1 Rd8 11. Qc2 Bd7 12. Bd3 dxc4 13. Qxc4 Nd5 14. 0-0 a5 15. bxa5 Rxa5 16. Qc2 h6 17. Rfe1 Qd6 18. Nd2 Qe7 19. Nb3 Ra7 20. e4 Nf4 21. Bf1 Qg5 22. Re3 Nh5 23. d5 exd5 24. exd5 Qxd5 25. Rd1 Qg5 26. Rxd7 1-0

[Event "Chigorin Memorial 26th"]
[Site "St Petersburg"]
[Date "2018.10.30"]
[Round "4"]
[White "Khakimov, Timur"]
[Black "Kruglikov, Aleksandr"]
[Result "1-0"]
[WhiteElo "2288"]
[BlackElo "2003"]
[PlyCount "57"]
[EventDate "2018.10.27"]
[EventType "swiss"]
[EventRounds "9"]
[EventCountry "RUS"]
[SourceTitle "CBM 187 Extra"]
[Source "ChessBase"]
[SourceDate "2018.11.04"]
[SourceVersion "1"]
[SourceVersionDate "2018.11.04"]
[SourceQuality "1"]

1. d4 e6 2. Nf3 Nf6 3. Bg5 Be7 4. e3 d5 5. Nbd2 b6 6. Ne5 Bb7 7. Bb5+ c6 8. Bd3 0-0 9. Qf3 Nbd7 10. Qh3 g6 11. Ndf3 Nxe5 12. Nxe5 Ne4 13. Bh6 Re8 14. Bf4 Bf6 15. f3 Nd6 16. Ng4 Nf5 17. 0-0 h5 18. Nxf6+ Qxf6 19. c3 c5 20. Rae1 cxd4 21. exd4 Ng7 22. Be5 Qe7 23. Qg3 Kh7 24. Qf4 Rg8 25. Bf6 Qd7 26. Re5 Nf5 27. g4 g5 28. Rxf5 Rg6 29. Rxg5 1-0

[Event "Chigorin Memorial 26th"]
[Site "St Petersburg"]
[Date "2018.10.29"]
[Round "3"]
[White "Saveljev, Ivan"]
[Black "Khakimov, Timur"]
[Result "0-1"]
[WhiteElo "1841"]
[BlackElo "2288"]
[PlyCount "82"]
[EventDate "2018.10.27"]
[EventType "swiss"]
[EventRounds "9"]
[EventCountry "RUS"]
[SourceTitle "CBM 187 Extra"]
[Source "ChessBase"]
[SourceDate "2018.11.04"]
[SourceVersion "1"]
[SourceVersionDate "2018.11.04"]
[SourceQuality "1"]

1. e4 e5 2. Nf3 Nc6 3. Bc4 Be7 4. 0-0 Nf6 5. d3 0-0 6. c3 d6 7. h3 Kh8 8. Ng5 Qe8 9. b4 h6 10. Nf3 Nh7 11. Nh2 f5 12. exf5 Bxf5 13. f4 Qg6 14. Kh1 d5 15. Bb5 d4 16. g4 Be6 17. f5 Bd5+ 18. Kg1 Ng5 19. Bxg5 Bxg5 20. Nf3 Be3+ 21. Kh2 Bf4+ 22. Kg1 Be3+ 23. Kh2 Qd6 24. c4 e4+ 25. Kh1 exf3 26. cxd5 Ne5 27. Nd2 Bxd2 28. Qxd2 Qxd5 29. Bc4 Qc6 30. Qf2 Rad8 31. Rac1 Qd6 32. Qd2 Rde8 33. Be6 Qe7 34. Rc5 Qh4 35. Qh2 Nxd3 36. Rxc7 Nf4 37. Bc4 Re2 38. Bxe2 fxe2 39. Qxf4 Qxh3+ 40. Kg1 exf1Q+ 41. Qxf1 Qg3+ 0-1

[Event "St Petersburg Korchnoi Memorial op"]
[Site "St Petersburg"]
[Date "2018.08.19"]
[Round "5"]
[White "Kolchin, Maxim"]
[Black "Khakimov, Timur"]
[Result "0-1"]
[WhiteElo "2000"]
[BlackElo "2284"]
[PlyCount "60"]
[EventDate "2018.08.15"]
[EventType "swiss"]
[EventRounds "9"]
[EventCountry "RUS"]
[SourceTitle "CBM 186 Extra"]
[Source "ChessBase"]
[SourceDate "2018.08.24"]
[SourceVersion "1"]
[SourceVersionDate "2018.08.24"]
[SourceQuality "1"]

1. d4 d5 2. Nf3 Nf6 3. Bf4 c5 4. e3 Nc6 5. Nbd2 cxd4 6. exd4 Bf5 7. c3 g6 8. Qb3 Qc8 9. Ne5 Bg7 10. Be2 0-0 11. h3 Nd7 12. Ng4 e5 13. Nxe5 Ndxe5 14. Bxe5 Nxe5 15. dxe5 Bxe5 16. Qxd5 Qc7 17. Nc4 Rfe8 18. Kf1 Rad8 19. Qf3 Bf4 20. Ne3 Bxe3 21. fxe3 Rd2 22. Kf2 Be4 23. Qg4 h5 24. Qg5 Re5 25. Qh4 Rf5+ 26. Ke1 Rxb2 27. Rc1 Bxg2 28. Rg1 Qh2 29. Qd8+ Kh7 30. Rxg2 Qh1+ 0-1

[Event "St Petersburg Korchnoi Memorial op"]
[Site "St Petersburg"]
[Date "2018.08.15"]
[Round "1"]
[White "Arbynova, Agniya"]
[Black "Khakimov, Timur"]
[Result "0-1"]
[WhiteElo "1827"]
[BlackElo "2284"]
[PlyCount "92"]
[EventDate "2018.08.15"]
[EventType "swiss"]
[EventRounds "9"]
[EventCountry "RUS"]
[SourceTitle "CBM 186 Extra"]
[Source "ChessBase"]
[SourceDate "2018.08.24"]
[SourceVersion "1"]
[SourceVersionDate "2018.08.24"]
[SourceQuality "1"]

1. d4 Nf6 2. Bf4 d6 3. Nf3 g6 4. e3 Bg7 5. Be2 0-0 6. 0-0 Nbd7 7. h3 c5 8. c3 b6 9. Nbd2 Bb7 10. Rc1 Re8 11. Bh2 Qc7 12. Qb3 Rad8 13. Rfd1 Bc6 14. Bc4 e6 15. Bb5 Bd5 16. Bc4 Qc6 17. Bxd5 exd5 18. c4 dxc4 19. Nxc4 Ne4 20. d5 Qc7 21. Nfd2 Nxd2 22. Rxd2 Ne5 23. Nxe5 Bxe5 24. Bxe5 Rxe5 25. Qd3 Qe7 26. a3 f5 27. b4 Rf8 28. bxc5 bxc5 29. Rb2 f4 30. exf4 Rxf4 31. Qb1 Rf7 32. Rb8+ Kg7 33. Qb2 Qf6 34. Rb7 Ree7 35. Qxf6+ Kxf6 36. Rb8 Rb7 37. Rd8 Rbd7 38. Rb8 Rfe7 39. a4 Re4 40. Ra1 Ke5 41. a5 Kxd5 42. a6 Kc6 43. Rab1 d5 44. R8b7 Ree7 45. Rb8 d4 46. Rc8+ Rc7 0-1

[Event "St Petersburg Summer op"]
[Site "St Petersburg"]
[Date "2017.08.22"]
[Round "7"]
[White "Khakimov, Timur"]
[Black "Neverov, Valeriy"]
[Result "0-1"]
[WhiteElo "2275"]
[BlackElo "2483"]
[PlyCount "66"]
[EventDate "2017.08.16"]
[EventType "swiss"]
[EventRounds "9"]
[EventCountry "RUS"]
[SourceTitle "CBM 180 Extra"]
[Source "ChessBase"]
[SourceDate "2017.10.06"]
[SourceVersion "1"]
[SourceVersionDate "2017.10.06"]
[SourceQuality "1"]

1. e4 c5 2. Nf3 d6 3. Bc4 Nf6 4. d3 Nc6 5. c3 g6 6. 0-0 Bg7 7. Bb3 0-0 8. Nbd2 e5 9. Re1 h6 10. Nc4 Be6 11. h3 Re8 12. a4 Rc8 13. Be3 b6 14. Qd2 Kh7 15. Rad1 d5 16. exd5 Nxd5 17. Qc2 Rc7 18. Bc1 Bc8 19. Re2 Rce7 20. Rde1 a6 21. Qd1 b5 22. axb5 axb5 23. Na3 b4 24. cxb4 Ndxb4 25. Be3 Nxd3 26. Rd2 e4 27. Bc4 exf3 28. Rxd3 Nd4 29. b4 fxg2 30. bxc5 Bb7 31. Nb5 Qc8 32. Nxd4 Qxh3 33. f3 Rxe3 0-1

[Event "St Petersburg Summer op"]
[Site "St Petersburg"]
[Date "2017.08.19"]
[Round "4"]
[White "Lorparizangeneh, Shahin"]
[Black "Khakimov, Timur"]
[Result "1-0"]
[WhiteElo "2515"]
[BlackElo "2275"]
[PlyCount "101"]
[EventDate "2017.08.16"]
[EventType "swiss"]
[EventRounds "9"]
[EventCountry "RUS"]
[SourceTitle "CBM 180 Extra"]
[Source "ChessBase"]
[SourceDate "2017.10.06"]
[SourceVersion "1"]
[SourceVersionDate "2017.10.06"]
[SourceQuality "1"]

1. c4 Nf6 2. Nc3 c6 3. d4 d5 4. cxd5 cxd5 5. Bf4 Nc6 6. e3 e6 7. Bd3 Bd6 8. Bxd6 Qxd6 9. f4 0-0 10. Nf3 a6 11. Ne5 b5 12. 0-0 Bb7 13. Rc1 Ne7 14. Qf3 Rac8 15. g4 b4 16. Na4 Ne4 17. Bxe4 dxe4 18. Qe2 Bd5 19. Nc5 f6 20. Nc4 Qc6 21. b3 Ng6 22. Qe1 e5 23. f5 exd4 24. exd4 Ne5 25. Nxe5 fxe5 26. dxe5 Qh6 27. Qg3 e3 28. e6 e2 29. Rfe1 Qg5 30. h4 Qf6 31. Qf2 Qh6 32. Qg3 Qf6 33. Qf2 Qh6 34. Rc2 Bxe6 35. Rcxe2 Bf7 36. Ne6 Rfe8 37. Nf4 Rxe2 38. Rxe2 Rc1+ 39. Kh2 Qd6 40. Rd2 Qc7 41. Qd4 Rc2 42. Rxc2 Qxc2+ 43. Kg3 h6 44. Qd8+ Kh7 45. Qd3 Qxa2 46. g5 hxg5 47. hxg5 Qxb3 48. g6+ Kg8 49. gxf7+ Qxf7 50. Ng6 Qf6 51. Qd5+ 1-0